Name Every 2020-21 Toronto Maple Leaf - Statistics

General Stats
  • This quiz has been taken 15 times
  • The average score is 26 of 38
Answer Stats
Jersey # Position GP * Answer % Correct
#34 C 52 Auston Matthews
100%
#31 G 24 Frederik Andersen
100%
#36 G 22 Jack Campbell
100%
#91 C, LW 56 John Tavares
100%
#3 RD 55 Justin Holl
100%
#16 RW 55 Mitch Marner
100%
#44 LD 55 Morgan Rielly
100%
#78 LD/RD 56 TJ Brodie
100%
#88 RW 51 William Nylander
100%
#11 RW, LW 43 Zach Hyman
100%
#15 LW, C, RW 56 Alex Kerfoot
80%
#65 LW, RW 54 Ilya Mikheyev
80%
#19 C, RW 54 Jason Spezza
80%
#97 C, LW 44 Joe Thornton
80%
#71 LW, C, RW 7 Nick Foligno
80%
#89 LW, RW 6 Nick Robertson
80%
#38 LD 9 Rasmus Sandin
80%
#37 RD 2 Timothy Liljegren
80%
#72 C, RW 20 Travis Boyd
80%
#23 LD/RD 51 Travis Dermott
80%
#77 C 11 Adam Brooks
60%
#94 RW, LW 13 Alex Barabanov
60%
#33 G 4 David Rittich
60%
#8 LD 53 Jake Muzzin
60%
#30 G 8 Michael Hutchinson
60%
#46 LD 9 Mikko Lehtonen
60%
#47 RW, LW 42 Pierre Engvall
60%
#20 C, RW 0* Riley Nash
60%
#24 RW, LW 38 Wayne Simmonds
60%
#12 LW, C, RW 26 Alex Galchenyuk
40%
#55 LD 4 Ben Hutton
40%
#26 RW, LW 30 Jimmy Vesey
40%
#61 C, LW, RW 7 Nic Petan
40%
#49 RW 1 Scott Sabourin
40%
#22 RD 45 Zach Bogosian
40%
#28 RW 1 Joey Anderson
20%
#20 LW 1 Kenny Agostino
20%
#26 LW, RW 1 Stefan Noesen
20%
No matching quizzes found
Score Distribution
Percent of People with Each Score
Percentile by Number Answered
Your Score History
You have not taken this quiz